Monitor 9 : deviatakom sa najviac vydaril opäť slovenský jazyk

Bibliographic Details
Main Authors: Vitková, Renáta (Author), Podolinský, Štefan (Author)
Format: Article
Language:Slovak
PhysicalDescription:Fotogr., grafy, tab.
ISSN:0139-5769
Subjects:

MARC

LEADER 00000nab a2200000 a 4500
001 vtls008982928
003 SK-MaSNL
005 20260303065315.0
008 140302c2007 xo er|p||| |000 b|slo
015 |a SNBRB2007/04 
038 |a SPK 
040 |a SPKCL  |b slo  |c 1997  |e AACR2 
041 0 |a slo 
044 |a xo  |c SK 
072 7 |a 371  |x Školstvo (organizácia)  |2 konspekt 
080 |a 371.26  |2 1997 
100 1 |a Vitková, Renáta  |4 aut  |9 1039071 
245 1 0 |a Monitor 9 : deviatakom sa najviac vydaril opäť slovenský jazyk  |c Renáta Vilková, Štefan Podolinský 
300 |b Fotogr., grafy, tab. 
650 0 7 |a Monitor9/2007  |2 snkbucl  |9 1065170 
655 7 |a testy  |2 snkbucl  |9 70500 
700 1 |a Podolinský, Štefan  |4 aut  |9 315501 
773 0 |t Učiteľské noviny  |g Roč. LV., č. 3 (2007), s. s. 3  |x 0139-5769 
852 |a SPK  |b KIS3GCP 
999 |c 1750721  |d 1752651